[Event "BRA-ch U26 (Women)"]
[Site "Goiania"]
[Date "2017.10.21"]
[Round "5"]
[White "Sena Moura, Danielle"]
[Black "Rodrigues, Jadna Couto"]
[Result "1-0"]
[WhiteElo "1816"]
[BlackElo "1486"]
[PlyCount "22"]
[EventDate "2017.10.19"]
[EventType "swiss"]
[EventRounds "7"]
[EventCountry "BRA"]
[SourceTitle "CBM 181 Extra"]
[Source "ChessBase"]
[SourceDate "2017.12.12"]
[SourceVersion "1"]
[SourceVersionDate "2017.12.12"]
[SourceQuality "1"]

1. d4 d5 2. c4 e6 3. Nc3 Nf6 4. Bg5 Bb4 5. Nf3 Nbd7 6. e3 h6 7. Bxf6 Nxf6 8. Qa4+ Bd7 9. Qxb4 b6 10. Bd3 Qb8 11. c5 bxc5 1-0

[Event "Aldeia de Barueri op"]
[Site "Aldeia de Barueri"]
[Date "2017.08.04"]
[Round "1"]
[White "Quintiliano Pinto, Renato Rodrigues"]
[Black "Sena Moura, Danielle"]
[Result "1-0"]
[WhiteElo "2469"]
[BlackElo "1821"]
[PlyCount "68"]
[EventDate "2017.08.04"]
[EventType "swiss"]
[EventRounds "6"]
[EventCountry "BRA"]
[SourceTitle "CBM 180 Extra"]
[Source "ChessBase"]
[SourceDate "2017.10.06"]
[SourceVersion "1"]
[SourceVersionDate "2017.10.06"]
[SourceQuality "1"]

1. e4 e6 2. d4 d5 3. Nc3 Nf6 4. e5 Nfd7 5. f4 c5 6. Nf3 Nc6 7. Be3 Be7 8. Qd2 a6 9. Be2 b5 10. 0-0 cxd4 11. Nxd4 Nxd4 12. Bxd4 b4 13. Nd1 Qc7 14. c3 a5 15. Rc1 Qb8 16. Ne3 0-0 17. c4 dxc4 18. Nxc4 Bb7 19. Qe3 Bd5 20. Qh3 Rc8 21. b3 a4 22. f5 exf5 23. Ne3 Be6 24. Nxf5 Bg5 25. Rxc8+ Qxc8 26. Qg3 Qd8 27. Nxg7 Kxg7 28. h4 axb3 29. Be3 h6 30. hxg5 h5 31. axb3 Ra3 32. g6 f5 33. exf6+ Nxf6 34. Qg5 Kf8 1-0

[Event "Blumenau Ann 100 op"]
[Site "Blumenau"]
[Date "2016.09.25"]
[Round "5"]
[White "Sena Moura, Danielle"]
[Black "Lorenzon, Eduardo Lucas"]
[Result "0-1"]
[WhiteElo "1819"]
[BlackElo "2076"]
[PlyCount "46"]
[EventDate "2016.09.23"]
[EventType "swiss"]
[EventRounds "6"]
[EventCountry "BRA"]
[SourceTitle "CBM 174 Extra"]
[Source "ChessBase"]
[SourceDate "2016.10.10"]
[SourceVersion "1"]
[SourceVersionDate "2016.10.10"]
[SourceQuality "1"]

1. d4 d5 2. c4 Nc6 3. e3 e5 4. dxe5 d4 5. a3 a5 6. exd4 Qxd4 7. Qxd4 Nxd4 8. Kd1 Bf5 9. Nd2 0-0-0 10. b4 Nh6 11. Ngf3 Nb3 12. Ra2 Ng4 13. Rb2 Nxd2 14. Bxd2 Nxf2+ 15. Ke1 Nxh1 16. Ng5 Bg6 17. g3 h6 18. Bh3+ Kb8 19. Nf3 Be4 20. Bg2 axb4 21. axb4 g5 22. Kf1 Bg7 23. Bxh1 g4 0-1

[Event "Rio de Janeiro Salamon Memorial"]
[Site "Rio de Janeiro"]
[Date "2016.06.24"]
[Round "1.6"]
[White "Rios Filho, Hilton Carlos da Si"]
[Black "Sena Moura, Danielle"]
[Result "1-0"]
[WhiteElo "2190"]
[BlackElo "1836"]
[PlyCount "49"]
[EventDate "2016.06.24"]
[EventType "swiss"]
[EventRounds "6"]
[EventCountry "BRA"]
[SourceTitle "EXT 2022"]
[Source "ChessBase"]
[SourceDate "2021.10.06"]
[SourceVersion "1"]
[SourceVersionDate "2021.10.06"]
[SourceQuality "1"]

1. d4 Nf6 2. c4 g6 3. Nc3 d5 4. cxd5 Nxd5 5. e4 Nxc3 6. bxc3 Bg7 7. Bc4 c5 8. Ne2 0-0 9. 0-0 Nc6 10. Be3 Qc7 11. Rc1 b6 12. f4 Na5 13. Bd3 e5 14. fxe5 Rd8 15. Nf4 c4 16. Bc2 Bxe5 17. Qf3 Bg7 18. Nd5 Qb7 19. Bg5 Be6 20. Nf6+ Kh8 21. d5 Bc8 22. Qf4 Qb8 23. Qh4 h5 24. Nxh5 Rd6 25. Nf6+ 1-0

[Event "Cuiaba Contaud op"]
[Site "Cuiaba"]
[Date "2015.07.31"]
[Round "1"]
[White "Sena Moura, Danielle"]
[Black "Santos, Marcus Vinicius M"]
[Result "0-1"]
[WhiteElo "1846"]
[BlackElo "2329"]
[PlyCount "88"]
[EventDate "2015.07.31"]
[EventType "swiss"]
[EventRounds "6"]
[EventCountry "BRA"]
[SourceTitle "EXT 2016"]
[Source "ChessBase"]
[SourceDate "2015.10.08"]
[SourceVersion "1"]
[SourceVersionDate "2015.10.08"]
[SourceQuality "1"]

1. d4 g6 2. c4 Bg7 3. Nc3 d6 4. e4 e5 5. Nge2 Ne7 6. dxe5 dxe5 7. Qxd8+ Kxd8 8. Bg5 c6 9. 0-0-0+ Ke8 10. h4 h5 11. Ng3 Na6 12. Be2 Nc5 13. Nf1 Ne6 14. Be3 Nd4 15. Nd2 Be6 16. c5 b5 17. cxb6 axb6 18. Bc4 b5 19. Bxe6 fxe6 20. b3 Kf7 21. Nf3 Rhd8 22. Ng5+ Ke8 23. Bxd4 exd4 24. Nxe6 dxc3 25. Rxd8+ Rxd8 26. Nxd8 Kxd8 27. Rd1+ Kc7 28. f4 c5 29. Kc2 b4 30. e5 Nf5 31. Rh1 Bh6 32. Kd3 Bxf4 33. Re1 Kd7 34. Re4 Bh6 35. a4 Nd4 36. e6+ Nxe6 37. a5 Nd4 38. a6 c2 39. Rxd4+ cxd4 40. a7 c1Q 41. a8Q Qc3+ 42. Ke2 d3+ 43. Kf1 Qf6+ 44. Kg1 Be3+ 0-1

[Event "Cordeiropolis Freitas Levy Memorial"]
[Site "Cordeiropolis"]
[Date "2015.05.24"]
[Round "6"]
[White "Sena Moura, Danielle"]
[Black "Batezelli, Alessandro"]
[Result "0-1"]
[WhiteElo "1827"]
[BlackElo "1923"]
[PlyCount "82"]
[EventDate "2015.05.22"]
[EventType "swiss"]
[EventRounds "6"]
[EventCountry "BRA"]
[SourceTitle "CBM 166 Extra"]
[Source "ChessBase"]
[SourceDate "2015.06.18"]
[SourceVersion "1"]
[SourceVersionDate "2015.06.18"]
[SourceQuality "1"]

1. d4 Nf6 2. c4 e6 3. Nf3 Bb4+ 4. Bd2 Qe7 5. g3 0-0 6. Bg2 Bxd2+ 7. Nbxd2 d6 8. e4 e5 9. d5 Nbd7 10. 0-0 Nc5 11. Ne1 Bg4 12. f3 Bh5 13. Qc2 a5 14. b3 Bg6 15. a3 Nfd7 16. Bh3 h5 17. Rb1 c6 18. b4 axb4 19. axb4 Na6 20. dxc6 bxc6 21. Qa4 Rfc8 22. Bxd7 Qxd7 23. Nd3 Nc7 24. Qb3 Ne6 25. Qb2 f5 26. Rfe1 fxe4 27. Nxe4 Nd4 28. Kg2 Qe6 29. Qc3 Nxf3 30. Kxf3 Qg4+ 31. Kg2 Bxe4+ 32. Kg1 Qf3 33. Rxe4 Qxe4 34. Qb3 Qe2 35. c5+ Kh8 36. Re1 Qd2 37. cxd6 Ra2 38. Qxa2 Qxa2 39. d7 Rd8 40. Nxe5 Qe6 41. Nxc6 Qxc6 0-1

[Event "Cordeiropolis Freitas Levy Memorial"]
[Site "Cordeiropolis"]
[Date "2015.05.23"]
[Round "4"]
[White "De Carvalho, Igor Lorenzon"]
[Black "Sena Moura, Danielle"]
[Result "1-0"]
[WhiteElo "1968"]
[BlackElo "1827"]
[PlyCount "85"]
[EventDate "2015.05.22"]
[EventType "swiss"]
[EventRounds "6"]
[EventCountry "BRA"]
[SourceTitle "CBM 166 Extra"]
[Source "ChessBase"]
[SourceDate "2015.06.18"]
[SourceVersion "1"]
[SourceVersionDate "2015.06.18"]
[SourceQuality "1"]

1. d4 Nf6 2. c4 g6 3. Nc3 d5 4. Nf3 Bg7 5. Bg5 Ne4 6. cxd5 Nxc3 7. bxc3 Qxd5 8. e3 Qa5 9. Qd2 c5 10. Bd3 Nc6 11. Rb1 a6 12. 0-0 0-0 13. Rfc1 h6 14. Bh4 g5 15. d5 Ne5 16. Nxe5 Bxe5 17. Bg3 Bxg3 18. hxg3 Rd8 19. Rd1 b5 20. Bc2 Qb6 21. Qd3 Qf6 22. e4 c4 23. Qd2 Bg4 24. f3 Bh5 25. Qe3 Qe5 26. f4 gxf4 27. gxf4 Qg7 28. Rd2 Bg6 29. Rf1 a5 30. Rf3 Qh7 31. f5 Bh5 32. Rg3+ Kf8 33. Rh3 Bg4 34. Rxh6 Qg7 35. Rh4 e6 36. fxe6 fxe6 37. Qf4+ Bf5 38. exf5 exd5 39. f6 Qa7+ 40. Kh1 Rd7 41. Qh6+ Ke8 42. Bf5 Rf7 43. Bg6 1-0

[Event "Cordeiropolis Freitas Levy Memorial"]
[Site "Cordeiropolis"]
[Date "2015.05.22"]
[Round "2"]
[White "Carceliano, Victor Samuel B"]
[Black "Sena Moura, Danielle"]
[Result "0-1"]
[WhiteElo "1800"]
[BlackElo "1827"]
[PlyCount "136"]
[EventDate "2015.05.22"]
[EventType "swiss"]
[EventRounds "6"]
[EventCountry "BRA"]
[SourceTitle "CBM 166 Extra"]
[Source "ChessBase"]
[SourceDate "2015.06.18"]
[SourceVersion "1"]
[SourceVersionDate "2015.06.18"]
[SourceQuality "1"]

1. e4 Nf6 2. Nc3 d5 3. exd5 Nxd5 4. Bc4 Nb6 5. Bb3 Nc6 6. Nf3 e6 7. d4 Na5 8. Bf4 a6 9. 0-0 Nxb3 10. axb3 Be7 11. Qd3 0-0 12. Rad1 c6 13. Ne4 Nd5 14. Bg5 Nf6 15. c3 Nxe4 16. Bxe7 Qxe7 17. Qxe4 Bd7 18. Ne5 Rfd8 19. Rd3 Be8 20. Rh3 f5 21. Qd3 c5 22. g4 cxd4 23. cxd4 Bb5 24. Nc4 Qf6 25. Rd1 Bc6 26. gxf5 exf5 27. Kf1 Be4 28. Qe3 Qg6 29. Rg3 Qh5 30. Rd2 Qxh2 31. Ke2 Re8 32. Ne5 Qh5+ 33. f3 Qh2+ 34. Qf2 Qxf2+ 35. Kxf2 Bd5 36. Rc2 Rac8 37. Rxc8 Rxc8 38. Rg1 Bxb3 39. Ke3 Rc2 40. Kf4 g6 41. Rd1 Bd5 42. Ra1 Kg7 43. Ra5 Bc6 44. d5 Bb5 45. Ra3 Rd2 46. Ke3 Rxd5 47. f4 g5 48. Nf3 g4 49. Ne5 h5 50. Kf2 h4 51. Ra1 Rd2+ 52. Ke3 Rxb2 53. Rg1 Kf6 54. Rh1 h3 55. Rg1 h2 56. Rh1 Re2+ 57. Kd4 g3 58. Nf3 Bc6 59. Rxh2 Rxh2 60. Nxh2 gxh2 61. Ke3 h1Q 62. Kd4 Qe4+ 63. Kc3 Bb5 64. Kb3 Qc4+ 65. Kb2 Ba4 66. Kb1 Qe2 67. Ka1 Ke6 68. Kb1 Kd5 0-1

[Event "Cordeiropolis Freitas Levy Memorial"]
[Site "Cordeiropolis"]
[Date "2015.05.22"]
[Round "1"]
[White "Sena Moura, Danielle"]
[Black "Mandetta, Joao Danilo"]
[Result "1/2-1/2"]
[WhiteElo "1827"]
[BlackElo "2268"]
[PlyCount "45"]
[EventDate "2015.05.22"]
[EventType "swiss"]
[EventRounds "6"]
[EventCountry "BRA"]
[SourceTitle "CBM 166 Extra"]
[Source "ChessBase"]
[SourceDate "2015.06.18"]
[SourceVersion "1"]
[SourceVersionDate "2015.06.18"]
[SourceQuality "1"]

1. d4 Nf6 2. c4 c5 3. d5 e6 4. Nc3 exd5 5. cxd5 d6 6. e4 g6 7. Be2 Bg7 8. Bg5 h6 9. Bf4 0-0 10. Nf3 a6 11. a4 Bg4 12. Nd2 Bxe2 13. Qxe2 Nh5 14. Be3 Nd7 15. 0-0 Qe7 16. a5 Kh7 17. g4 Nhf6 18. f4 Kg8 19. Qf3 Rae8 20. Rae1 Nh7 21. Nc4 g5 22. Bd2 gxf4 23. Qxf4 1/2-1/2

[Event "Mogi das Cruzes Catropa Memorial"]
[Site "Mogi das Cruzes"]
[Date "2014.09.07"]
[Round "5"]
[White "Sena Moura, Danielle"]
[Black "Bonfim, Regina Rodrigues"]
[Result "1-0"]
[WhiteElo "1792"]
[BlackElo "2111"]
[PlyCount "147"]
[EventDate "2014.09.05"]
[EventType "swiss"]
[EventRounds "6"]
[EventCountry "BRA"]
[SourceTitle "CBM 162 Extra"]
[Source "ChessBase"]
[SourceDate "2014.10.17"]
[SourceVersion "1"]
[SourceVersionDate "2014.10.17"]
[SourceQuality "1"]

1. d4 f5 2. g3 Nf6 3. Bg2 e6 4. c4 d5 5. Nc3 c6 6. Nh3 Be7 7. Bf4 Bd7 8. Qb3 Qb6 9. c5 Qxb3 10. axb3 0-0 11. 0-0 Na6 12. Ra4 h6 13. f3 g5 14. Be5 Be8 15. Bxf6 Bxf6 16. f4 Nc7 17. Nf2 a6 18. e3 gxf4 19. gxf4 Bh5 20. Nd3 Nb5 21. Bf3 Nxc3 22. bxc3 Bxf3 23. Rxf3 Kh7 24. Ra2 Rg8+ 25. Rg2 Rxg2+ 26. Kxg2 Rg8+ 27. Rg3 Rxg3+ 28. Kxg3 Bd8 29. Ne5 Kg7 30. Kf3 Ba5 31. b4 Bd8 32. Nd3 a5 33. Nb2 Kf7 34. Ke2 Kg6 35. Kf3 Kh5 36. Kg2 Bh4 37. bxa5 Bd8 38. Nd3 Bxa5 39. Nb4 Bd8 40. Nd3 Bh4 41. Kh3 Bd8 42. Kg2 Kg6 43. Kg3 Kf7 44. Kf3 Ke8 45. Ke2 Bf6 46. Nb2 Kd7 47. c4 Bd8 48. cxd5 cxd5 49. Nd3 Bf6 50. Nb4 Kc7 51. Kd2 Be7 52. Nd3 b6 53. cxb6+ Kxb6 54. Ne5 Kc7 55. Ke2 Bf6 56. Nd3 Kd6 57. Kf3 Be7 58. Ne5 Kc7 59. Ke2 Kb6 60. Nd3 Bd6 61. Kd2 Kb5 62. Kc3 Ka4 63. Nc5+ Kb5 64. Nxe6 Bb4+ 65. Kd3 Kc6 66. Ng7 Bf8 67. Nxf5 Kd7 68. e4 Ke6 69. Ne3 dxe4+ 70. Kxe4 h5 71. f5+ Kd6 72. Nc4+ Ke7 73. d5 Bg7 74. d6+ 1-0

[Event "Sao Paulo Hebraica op 18th"]
[Site "Sao Paulo"]
[Date "2014.07.18"]
[Round "2"]
[White "Sangiovanni, Marcello Gouveia"]
[Black "Sena Moura, Danielle"]
[Result "0-1"]
[WhiteElo "1484"]
[BlackElo "1795"]
[PlyCount "66"]
[EventDate "2014.07.17"]
[EventType "swiss"]
[EventRounds "6"]
[EventCountry "BRA"]
[SourceTitle "CBM 161 Extra"]
[Source "ChessBase"]
[SourceDate "2014.08.29"]
[SourceVersion "1"]
[SourceVersionDate "2014.08.29"]
[SourceQuality "1"]

1. d4 Nf6 2. Nf3 g6 3. Bf4 d5 4. e3 Bg7 5. Bd3 c5 6. c3 Qb6 7. Qc2 c4 8. Be2 Bf5 9. Qc1 Nbd7 10. Nbd2 0-0 11. h3 Qc6 12. 0-0 b5 13. Ne5 Nxe5 14. Bxe5 a5 15. a3 b4 16. Bf3 Rfc8 17. Re1 Bf8 18. Bxf6 exf6 19. e4 Be6 20. exd5 Bxd5 21. Ne4 Bg7 22. Qf4 bxc3 23. bxc3 f5 24. Nd2 Re8 25. Rxe8+ Rxe8 26. Bxd5 Qxd5 27. Qc7 Bxd4 28. cxd4 Qxd4 29. Ra2 Re2 30. Qb8+ Kg7 31. Qb2 c3 32. Qa1 Qxf2+ 33. Kh1 Qxg2# 0-1

[Event "Anapolis Liga University (Women)"]
[Site "Anapolis"]
[Date "2014.05.30"]
[Round "5.3"]
[White "Sena Moura, Danielle"]
[Black "Fonseca, Carolina Rodrigues"]
[Result "1/2-1/2"]
[WhiteElo "1800"]
[BlackElo "1848"]
[PlyCount "56"]
[EventDate "2014.05.28"]
[EventType "swiss"]
[EventRounds "7"]
[EventCountry "BRA"]
[SourceTitle "EXT 2022"]
[Source "ChessBase"]
[SourceDate "2021.10.06"]
[SourceVersion "1"]
[SourceVersionDate "2021.10.06"]
[SourceQuality "1"]

1. d4 Nf6 2. c4 e6 3. Nf3 d5 4. Nc3 Bb4 5. Qc2 Nbd7 6. Bg5 h6 7. Bh4 g5 8. Bg3 Ne4 9. Nd2 Bxc3 10. bxc3 Nxg3 11. hxg3 b6 12. cxd5 exd5 13. Qf5 c6 14. Nf3 g4 15. Qxg4 Ne5 16. Qf4 Ng6 17. Qd2 h5 18. e3 h4 19. gxh4 Nxh4 20. Nxh4 Rxh4 21. Rxh4 Qxh4 22. 0-0-0 Be6 23. Ba6 Kd7 24. Be2 Qxf2 25. Bf3 Qxd2+ 26. Rxd2 f5 27. Rf2 Rg8 28. Be2 Rg3 1/2-1/2

[Event "BRA-ch Amateur"]
[Site "Sao Paulo"]
[Date "2014.03.03"]
[Round "5"]
[White "Barreto Junior, Williem Silva"]
[Black "Sena Moura, Danielle"]
[Result "1-0"]
[WhiteElo "1942"]
[BlackElo "1796"]
[PlyCount "41"]
[EventDate "2014.03.01"]
[EventType "swiss"]
[EventRounds "7"]
[EventCountry "BRA"]
[SourceTitle "EXT 2016"]
[Source "ChessBase"]
[SourceDate "2015.10.08"]
[SourceVersion "1"]
[SourceVersionDate "2015.10.08"]
[SourceQuality "1"]

1. d4 Nf6 2. Bf4 g6 3. Nf3 d5 4. e3 Bg7 5. Bd3 0-0 6. 0-0 c5 7. c3 Nc6 8. dxc5 Nd7 9. b4 e5 10. Bg5 f6 11. Bb5 Ne7 12. Bh4 e4 13. Nd4 Ne5 14. Qb3 a6 15. Be2 Nf5 16. Nxf5 Bxf5 17. Rd1 Be6 18. Na3 Qc7 19. Bg3 f5 20. c4 Qc6 21. cxd5 1-0

[Event "BRA-ch (Women)"]
[Site "Sao Jose do Rio Preto"]
[Date "2013.12.14"]
[Round "4"]
[White "Nakamura, Julia Yumi Ono"]
[Black "Sena Moura, Danielle"]
[Result "0-1"]
[WhiteElo "1335"]
[BlackElo "1808"]
[PlyCount "102"]
[EventDate "2013.12.12"]
[EventType "swiss"]
[EventRounds "7"]
[EventCountry "BRA"]
[SourceTitle "CBM 158 Extra"]
[Source "ChessBase"]
[SourceDate "2014.02.28"]
[SourceVersion "1"]
[SourceVersionDate "2014.02.28"]
[SourceQuality "1"]

1. d4 Nf6 2. e3 d5 3. Nf3 g6 4. Bd3 Bg7 5. 0-0 0-0 6. Nbd2 c5 7. c3 Nc6 8. dxc5 a5 9. Nd4 Nd7 10. Bb5 Qc7 11. Bxc6 bxc6 12. b4 e5 13. Nc2 e4 14. Nd4 Ne5 15. Bb2 Ba6 16. c4 axb4 17. Qc2 Nxc4 18. Nxc4 Bxc4 19. Ne2 Rfb8 20. Bxg7 Kxg7 21. Rfb1 Qe7 22. Qb2+ Kg8 23. Qd2 Qxc5 24. Nc1 Ra3 25. Nb3 Bxb3 26. Rxb3 Rxb3 27. axb3 Qc3 28. Qd1 Qc5 29. Qc1 Qxc1+ 30. Rxc1 Ra8 31. g3 Ra6 32. Kf1 Kf8 33. Ke2 Ke7 34. Kd2 Ra2+ 35. Rc2 Rxc2+ 36. Kxc2 Kd6 37. h4 c5 38. Kb2 c4 39. Kc2 c3 40. g4 h5 41. gxh5 gxh5 42. Kc1 Ke5 43. Kd1 d4 44. exd4+ Kxd4 45. Kc2 f5 46. Kd1 Kd3 47. Kc1 c2 48. f4 e3 49. Kb2 e2 50. Ka2 e1Q 51. Kb2 Qb1# 0-1